Manual del usuario: windows y MS-DOS 6.2

Saved in:
Bibliographic Details
Corporate Author: Microsoft Corporation (Author)
Format: Book
Language:Spanish
Published: Redmond Microsoft Corporation 1992
Subjects:
Tags: Add Tag
No Tags, Be the first to tag this record!

MARC

LEADER 00000nam a2200000 a 4500
001 UCS4859
003 CL-VaPUC
008 970814e19920000us |||||||||||||||||spa|d
082 0 4 |a 005.369  |b MIC  |2 21 
110 2 |a Microsoft Corporation  |e author  |9 390656 
245 1 0 |a Manual del usuario: windows y MS-DOS 6.2 
300 |a 442 p 
942 |c BK 
945 |d 19970814 00:00:00  |a jquezada 
260 |a Redmond  |b Microsoft Corporation  |c 1992 
650 0 |a Proceso de datos   |9 259776 
650 7 |a PROGRAMAS PARA COMPUTADOR  |2 CL-VaPUC  |9 390657 
650 0 |a Análisis de datos  |9 269871 
650 0 |a Windows  |9 324619 
650 7 |a MS DOS 6.2  |2 CL-VaPUC  |9 390659 
999 |c 261644  |d 261642 
583 |k Rodrigo Vera 
952 |0 0  |1 0  |4 0  |6 005_369000000000000_MIC_1992  |7 0  |8 P  |9 289343  |a BIBEDU  |b BIBEDU  |c BIBEDU_PB  |d 2019-11-19  |i 3330915  |o 005.369 MIC 1992  |p 3330915  |r 2024-01-25  |w 2019-11-19  |y BK  |k EDU